|
|
|
|
| LEADER |
01223cam a2200289 a 4500 |
| 001 |
0000078067 |
| 005 |
20070509090000.0 |
| 040 |
|
|
|a mod
|
| 041 |
|
|
|a eng
|
| 020 |
0 |
0 |
|a 0131447165
|
| 090 |
0 |
0 |
|a 658.3
|b MON
|c f
|e 2005
|
| 100 |
1 |
0 |
|a Mondy
|h R. Wayne
|y 1940-
|
| 245 |
1 |
0 |
|a Human resource management
|c R. Wayne Mondy, Robert M. Noe
|
| 250 |
0 |
0 |
|a 9th ed
|
| 260 |
0 |
0 |
|a Upper Saddle River, New Jersey
|b Prentice Hall
|c 2005
|
| 300 |
0 |
0 |
|a xviii, 527 p.
|b ill. (some col.)
|c 28 cm + 1 CD-ROM (4 3/4 in.)
|
| 500 |
0 |
0 |
|a Includes bibliographical references and index
|
| 650 |
0 |
0 |
|a Personnel management
|
| 650 |
0 |
0 |
|a Personnel management
|z United States
|
| 700 |
1 |
1 |
|a Noe
|h Robert M
|
| 852 |
0 |
0 |
|a 01
|
| 999 |
|
|
|a 0234013
|b KTD
|d BOOKS
|e Umum
|f KTD
|j AVAILABLE
|q GOOD CONDITION
|
| 999 |
|
|
|a 02391
|b KTD
|d COMPACT DISC
|e Umum
|f KTD
|j AVAILABLE
|q GOOD CONDITION
|
| 999 |
|
|
|a 0246879
|b KEMENTAH
|d BOOKS
|e Umum
|f Perpustakaan KEMENTAH
|j AVAILABLE
|q GOOD CONDITION
|
| 999 |
|
|
|a 0253172
|b KEMENTAH
|d BOOKS
|e Umum
|f Perpustakaan KEMENTAH
|j AVAILABLE
|q GOOD CONDITION
|
| 999 |
|
|
|a 02689
|b KEMENTAH
|d COMPACT DISC
|e Umum
|f Perpustakaan KEMENTAH
|j AVAILABLE
|q GOOD CONDITION
|
| 999 |
|
|
|a 02847
|b KEMENTAH
|d COMPACT DISC
|e Sumber Media
|f Perpustakaan KEMENTAH
|j AVAILABLE
|q GOOD CONDITION
|